| 000 | 00825nam0a22002531 4500 | ||
|---|---|---|---|
| 001 | rc\4819375 | ||
| 005 | 20250612191357.0 | ||
| 021 |
_aRU _b[59-28885] |
||
| 035 | _a(NLR Aleph) 008800429 | ||
| 090 |
_a8098039 _c8098039 |
||
| 100 | _a20130426d1958 |||y0rusy50 ca | ||
| 101 | 0 | _arus | |
| 102 | _aRU | ||
| 105 | _aa z |||a| | ||
| 200 | 1 |
_aДень в лесу _eСтихи [для дошкольного и мл. школьного возраста _fИл.: Б. Несведов] |
|
| 210 |
_aКишинев _cШкоала советикэ _d1958 |
||
| 215 |
_a26 с. _cил. _d29 |
||
| 700 | 1 |
_aШишкан _bК.Б. _f1933- _gКонстантин Борисович |
|
| 702 | 1 |
_aНесведов _bБ. _4440 |
|
| 801 | 0 |
_aRU _bNLR _gpsbo |
|
| 801 | 1 |
_aRU _bELAR _2rusmarc |
|
| 852 |
_aNLR _j59-8/1309 |
||
| 942 | _cBOOK | ||
| 980 | _aNB | ||